Battlefield 1 Maps - Statistics

General Stats
  • This quiz has been taken 21 times
  • The average score is 10 of 23
Answer Stats
Countries Date Answer % Correct
British Empire - Ottoman Empire 1915 Sinai Desert
75%
German Empire - France 1916 Verdun
69%
USA - German Empire 1918 Argonne Forest
63%
USA - German Empire 1918 Ballroom Blitz
63%
Kingdom of Italy - Austro-Hungarian Empire 1918 Monte Grappa
56%
British Empire - Ottoman Empire 1915 Achi Baba
50%
British Empire - Ottoman Empire 1914 Fao Fortress
50%
Russian Empire - Austro-Hungarian Empire 1916 Galicia
50%
British Empire - Ottoman Empire 1915 Suez
50%
White Army - Red Army 1920 Tsaritsyn
50%
German Empire - British Empire 1918 Amiens
44%
Kingdom of Italy - Austro-Hungarian Empire 1918 Empire's Edge
44%
White Army - Red Army 1919 Volga River
44%
Russian Empire - Austro-Hungarian Empire 1916 Brusilov
38%
German Empire - France 1916 Fort De Vaux
38%
German Empire - British Empire 1918 Giant's Shadow
38%
Russian Empire - Austro-Hungarian Empire 1914 Lupkow Pass
38%
German Empire - British Empire 1918 St. Quentin Scar
38%
Russian Empire - German Empire 1917 Albion
31%
German Empire - British Empire 1917 Passchendaele
31%
France - German Empire 1918 Rupture
25%
France - German Empire 1918 Soissons
25%
British Empire - Ottoman Empire 1915 Cape Helles
13%
No matching quizzes found
Score Distribution
Percent of People with Each Score
Percentile by Number Answered
Your Score History
You have not taken this quiz